00714nam a2200193 a 450000100100000000500170001000800410002702000150006804000250008308200160010810000410012424501020016526000490026730000270031670000370034304900090038095201140038999900170050300001080320200929162308.0091012s1997 cu c 000 0 spa d a9590300650 aDO-SdBNPbspacBNPHU axxxxbP371m1 aPedreira Rodríguez, Ramón92610310aMi recetario de cocteles cubanos /cRamón Pedreira Rodríguez ; edición Dania Pérez Rubio. aLa Habana, Cuba :bArte y Literatura,c1997. a87 p. :bil. ;c19 cm.1 aPérez Rubio, Dania,eed.95482 aBNPD 001050718MOaGRbGRcCTd2009-10-12iLF1l0oxxxx P371mp10803-10r2020-06-25w2020-06-25y1ZNo se presta c10552d10552